|
|
|
|
| LEADER |
00000cam a2200000 a 4500 |
| 001 |
vtls001115315 |
| 003 |
SK-MaSNL |
| 005 |
20260302020204.0 |
| 008 |
250313s1979 xo a f 000 0 slo |
| 015 |
|
|
|a SNBA1979
|
| 035 |
|
|
|a SNK000058158
|
| 035 |
|
|
|a urn:nbn:sk:snk-amkxnv
|
| 035 |
|
|
|a urn:nbn:sk:snk-am0081un
|
| 035 |
|
|
|a 1C5291EF-5405-44C8-9B7E-7DCD5AD9392B
|
| 040 |
|
|
|a SNK
|b slo
|c SNK
|e AACR2
|
| 041 |
1 |
|
|a slo
|h cze
|
| 044 |
|
|
|a xo
|c SK
|
| 080 |
|
|
|a 371.3:372.47(024)
|2 1981
|
| 080 |
|
|
|a 372.47(024)
|2 1981
|
| 080 |
|
|
|a 372.47
|2 1981
|
| 080 |
|
|
|a 371.3(024)
|2 1981
|
| 245 |
0 |
0 |
|a Metodická príručka k učebnici Matematika pre 7. ročník ZŠ - experimentálnych
|c Jiří Šmelhaus ... [et al.] ; [z českého originálu preložil Ján Bobok]
|
| 250 |
|
|
|a 1. vyd.
|
| 260 |
|
|
|a Bratislava
|b Slovenské pedagogické nakladateľstvo
|c 1979
|
| 300 |
|
|
|a 60 s.
|b sch.
|c 29 cm
|
| 366 |
|
|
|e 6000 výt.
|
| 650 |
0 |
7 |
|a matematika
|2 SNKPH
|9 70174
|
| 650 |
0 |
7 |
|a didaktika matematiky
|2 SNKPH
|9 13223
|
| 650 |
0 |
7 |
|a základné školy
|2 SNKPH
|9 1280
|
| 655 |
|
7 |
|a metodické príručky
|2 SNKPH
|9 70250
|
| 700 |
1 |
|
|a Šmelhaus, Jiří
|4 aut
|9 428456
|
| 700 |
1 |
|
|a Divíšek, Jiří,
|d 1935-
|4 aut
|9 87471
|
| 700 |
1 |
|
|a Macháček, Vlastimil
|4 aut
|9 276593
|
| 700 |
1 |
|
|a Urbanová, Jaroslava
|4 aut
|9 375124
|
| 700 |
1 |
|
|a Bobok, Ján,
|d 1939-1984
|4 trl
|9 38419
|
| 852 |
|
|
|a Slovenská národná knižnica
|
| 958 |
|
|
|a OND
|
| 958 |
|
|
|a OP
|
| 999 |
|
|
|c 1024133
|d 1026063
|
| 952 |
|
|
|t P60, <03>, [BOOK], {603}
|a SNK
|b SNK
|y PREZ
|7 0
|p 17A0250396
|o snkSB 28047
|i snkKSP 2641/79
|0 0
|1 0
|4 0
|d 2000-09-06
|f 1
|l 0
|r 2025-04-01 00:00:00
|w 2026-02-24
|